000 00417nam a2200169Ia 4500
100 _aKorfhage/Robert R
650 _ainformation storage and retrieval
942 _cBK
366 _f27
654 _ainformation storage and retrieval
245 _aInformation storage and retrieval
260 _bWiley India
_c1997
082 _a658.4038
_bKOR
300 _a349
546 _aENGLISH
_celectronics
999 _c23970
_d23970